Land leverage dynamics in property markets (Record no. 114571)

MARC details
000 -LEADER
fixed length control field 00966cad a22002175a 4500
001 - CONTROL NUMBER
control field L157069
008 - FIXED-LENGTH DATA ELEMENTS--GENERAL INFORMATION
fixed length control field 120829s2012 xxk f 000 0 eng d
020 ## - INTERNATIONAL STANDARD BOOK NUMBER
International Standard Book Number 9781842198063
035 ## - SYSTEM CONTROL NUMBER
System control number (Sirsi) u157069
041 0# - LANGUAGE CODE
Language code of text/sound track or separate title eng
100 1# - MAIN ENTRY--PERSONAL NAME
Personal name Costello, Greg
245 00 - TITLE STATEMENT
Title Land leverage dynamics in property markets
Medium [electronic resource]
260 ## - PUBLICATION, DISTRIBUTION, ETC.
Place of publication, distribution, etc. London
Name of publisher, distributor, etc. RICS
Date of publication, distribution, etc. 2012
490 #0 - SERIES STATEMENT
Series statement RICS Research
520 ## - SUMMARY, ETC.
Summary, etc. Uses data from Perth in Western Australia to look at the Land Leverage Hypothesis, and to examine property assets as a form of composite asset where major components of value are commonly classified as comprising a land and an improvements (structural) component as relevant proportions of the total value of the asset.
651 #4 - SUBJECT ADDED ENTRY--GEOGRAPHIC NAME
Geographic name Australia
690 ## - LOCAL SUBJECT ADDED ENTRY--TOPICAL TERM (OCLC, RLIN)
Topical term or geographic name as entry element Commercial property
9 (RLIN) 6227
700 1# - ADDED ENTRY--PERSONAL NAME
Personal name Leishman, Chris
856 40 - ELECTRONIC LOCATION AND ACCESS
Uniform Resource Identifier <a href="https://www.rics.org/Global/Land_Leverage_120612_dwl_aj.pdf">https://www.rics.org/Global/Land_Leverage_120612_dwl_aj.pdf</a>
Public note View the item free of charge at www.rics.org
942 ## - ADDED ENTRY ELEMENTS (KOHA)
Suppress in OPAC 0
Holdings
Withdrawn status Lost status Source of classification or shelving scheme Damaged status Not for loan Home library Current library Shelving location Date acquired Total Checkouts Full call number Barcode Date last seen Copy number Price effective from Koha item type
    Dewey Decimal Classification     Virtual Virtual Online 29/08/2012   ONLINE PUBLICATION 157069-2001 06/08/2019 1 06/08/2019 Book